| 000 | 00493pam a2200193 a 4500 | ||
|---|---|---|---|
| 020 | _c150.00 (PB) | ||
| 041 |
_aeng _hNULL |
||
| 082 |
_a616 _bTAL |
||
| 100 | _aTALWALKAR , P . | ||
| 245 |
_aPRACTICAL DIABETES MELLITUS / _cNULL. _hTextual Documents |
||
| 250 |
_a1 / _b. |
||
| 260 |
_aNULL : _bSHILPA PUB. , _c2004. |
||
| 300 |
_a178 : _bvi ; _cA4 . |
||
| 365 |
_a150.00 _e4 |
||
| 907 |
_a1379 _a1380 _a1381 _a1382 |
||
| 930 | _a286 | ||
| 999 |
_c794822 _d794822 |
||
| 650 | _aGEN.MEDICINE | ||